000 00747nam a22001815i 4500
001 156455
003 ES-MaACL
005 20250808051420.0
008 040806s1857 fr |||| | fre d
040 _aCAM
_bspa
_cCAM
100 1 _aJouyne, Zéphirin.
_9128374
245 1 0 _aGrande extension du commerce extérieur de la France et de ses industries agricole et manufacturière par le retrait des prohibitions inscrites dans les tarifes des douanes /
_cpar Z. Jouyne.
260 _aParis :
_bEugène Pick,
_c1857 (
_ftypographie Gaittet et Cie.)
300 _aVII, 338 p. ;
_c18 cm.
651 7 _aFrancia-
_xComercio exterior-
_yS.XIX
_2
_9137167
852 _aES-MaACL
_jR-423
_z-- Rúst.
_x Olim: D-441
999 _c156455
_d156455